|
|
|
|
| LEADER |
01180nam a2200289 a 4500 |
| 001 |
15110281 |
| 008 |
110503s2010 nyu d b 001 0 eng d |
| 010 |
|
|
|a 2007050853
|
| 020 |
|
|
|a 9788130912950
|
| 020 |
|
|
|a 9780791095928 (hc : alk. paper)
|
| 040 |
|
|
|a DLC
|c DLC
|d DLC
|d BD-DhAAL.
|
| 082 |
0 |
0 |
|a 822.3/3
|2 22
|
| 245 |
0 |
0 |
|a Hamlet /
|c edited and with an introduction by Harold Bloom ; volume editor Brett Foster.
|
| 260 |
|
|
|a New York :
|b Facts on file, Inc. ;
|a New Delhi :
|b Viva books,
|c 2010.
|
| 300 |
|
|
|a xviii, 443 p. ;
|c 24 cm.
|
| 490 |
0 |
|
|a Harold Bloom's Shakespeare through the ages
|
| 500 |
|
|
|a Set of 15 volumes.
|
| 504 |
|
|
|a Includes bibliographical references ( p. 413-426) and index.
|
| 541 |
|
|
|e 00022421
|
| 600 |
1 |
0 |
|a Shakespeare, William
|d 1564-1616
|t Hamlet.
|
| 650 |
|
0 |
|a Hamlet (Legendary character)
|
| 650 |
|
0 |
|a Tragedy.
|
| 700 |
1 |
|
|a Bloom, Harold.
|
| 700 |
1 |
|
|a Foster, Brett,
|d 1973-
|
| 852 |
4 |
|
|a Ayesha Abed Library
|j General shelf
|
| 999 |
|
|
|c 10787
|d 10787
|
| 952 |
|
|
|0 0
|1 0
|2 ddc
|4 0
|6 822_330000000000000_HAM
|7 0
|9 16253
|a BRACUL
|b BRACUL
|c GEN
|d 2011-05-03
|e Friends book corner
|g 666.00
|l 24
|m 140
|o 822.33 HAM
|p 3010022421
|r 2025-09-24
|s 2025-07-01
|t 1
|w 2011-05-03
|y BK
|